[Event "Toronto Howard Ridout op U1700"]
[Site "Toronto"]
[Date "2009.09.24"]
[Round "3"]
[White "Yie, Kevin Yi Xiao"]
[Black "Douglas, Steven"]
[Result "0-1"]
[WhiteElo "956"]
[BlackElo "1540"]
[PlyCount "52"]
[EventDate "2009.09.10"]
[EventType "swiss"]
[EventRounds "8"]
[EventCountry "CAN"]
[SourceTitle "EXT 2011"]
[Source "ChessBase"]
[SourceDate "2010.11.26"]
[SourceVersion "1"]
[SourceVersionDate "2010.11.26"]
[SourceQuality "1"]

1. e4 g6 2. d4 Bg7 3. Nf3 d6 4. Bf4 c6 5. c4 Nf6 6. Nc3 0-0 7. Bd3 Nbd7 8. 0-0 c5 9. d5 Nh5 10. Bg5 f6 11. Bh4 g5 12. Bg3 Nf4 13. Bxf4 gxf4 14. Qd2 Ne5 15. Nxe5 fxe5 16. Nb5 a6 17. Nc3 Kh8 18. Ne2 Rg8 19. Kh1 Bd7 20. Ng1 Bf6 21. Nf3 Bg4 22. Qe2 Qd7 23. h3 Bxh3 24. gxh3 Qxh3+ 25. Nh2 Rg2 26. f3 Qxh2# 0-1

[Event "Scarborough CC Fall Swiss U1700"]
[Site "Toronto"]
[Date "2008.10.30"]
[Round "1"]
[White "Douglas, Steven"]
[Black "Pishdad, Hassan"]
[Result "0-1"]
[WhiteElo "1577"]
[BlackElo "1371"]
[PlyCount "58"]
[EventDate "2008.10.30"]
[EventType "swiss"]
[EventRounds "8"]
[EventCountry "CAN"]
[SourceTitle "EXT 2011"]
[Source "ChessBase"]
[SourceDate "2010.11.26"]
[SourceVersion "1"]
[SourceVersionDate "2010.11.26"]
[SourceQuality "1"]

1. e4 e5 2. f4 exf4 3. Nf3 Nc6 4. Bc4 g5 5. 0-0 d6 6. d4 g4 7. Bxf4 gxf3 8. Bxf7+ Kxf7 9. Qxf3 Qf6 10. Qh5+ Qg6 11. Bh6+ Nf6 12. Rxf6+ Kxf6 13. Qh4+ Kf7 14. Be3 Rg8 15. Qf2+ Ke8 16. Nc3 Bh3 17. g3 Be7 18. Nd5 Kd7 19. Nf4 Qg4 20. Re1 Bh4 21. Nd5 Raf8 22. Bf4 Nxd4 23. Qxd4 Rxf4 24. Nxf4 Bxg3 25. Nxh3 Be5+ 26. Kf2 Bxd4+ 27. Re3 Qxh3 28. c3 Qxe3+ 29. Kf1 Rg1# 0-1

[Event "Scarborough CC Spring Swiss U1700"]
[Site "Toronto"]
[Date "2008.03.20"]
[Round "2"]
[White "Douglas, Steven"]
[Black "Xia, Linda"]
[Result "1-0"]
[WhiteElo "1597"]
[BlackElo "1373"]
[PlyCount "81"]
[EventDate "2008.03.13"]
[EventType "swiss"]
[EventRounds "8"]
[EventCountry "CAN"]
[SourceTitle "EXT 2011"]
[Source "ChessBase"]
[SourceDate "2010.11.26"]
[SourceVersion "1"]
[SourceVersionDate "2010.11.26"]
[SourceQuality "1"]

1. e4 e6 2. g3 d5 3. e5 Nd7 4. Nf3 Ne7 5. b3 Ng6 6. Bb2 a6 7. Bg2 Be7 8. 0-0 0-0 9. d3 c5 10. Nbd2 b6 11. Re1 Qc7 12. c4 Bb7 13. cxd5 Bxd5 14. Nb1 Rfd8 15. Nc3 Bc6 16. Qe2 Ndf8 17. Rad1 b5 18. Rd2 b4 19. Ne4 a5 20. h4 a4 21. h5 Nh8 22. Nh4 g6 23. Qe3 gxh5 24. Qh6 Bxe4 25. Bxe4 Bxh4 26. Bxa8 Rxa8 27. gxh4 Nhg6 28. Qg5 h6 29. Qxh5 Qe7 30. Re4 Kh7 31. Bc1 axb3 32. axb3 Ra1 33. Rd1 Rb1 34. Kg2 Rxb3 35. Qxh6+ Kg8 36. Bg5 Nf4+ 37. Rxf4 Qb7+ 38. Kg3 Rxd3+ 39. Rxd3 Nh7 40. Rd8+ Nf8 41. Rxf8# 1-0